New York Knicks Leaders of the Last 10 Years - Statistics

General Stats
  • This quiz has been taken 31 times
    6 since last reset
  • The average score is 35 of 50
Answer Stats
Stat # Player % Correct
Points 5535 Jalen Brunson
100%
Assists 1415 Jalen Brunson
100%
Steals 191 Jalen Brunson
100%
Points 7445 Julius Randle
100%
Rebounds 3251 Julius Randle
100%
Assists 1540 Julius Randle
100%
Steals 242 Julius Randle
100%
Blocks 112 Julius Randle
100%
Points 2636 Mitchell Robinson
100%
Rebounds 2639 Mitchell Robinson
100%
Steals 306 Mitchell Robinson
100%
Blocks 620 Mitchell Robinson
100%
Points 5374 RJ Barrett
100%
Rebounds 1580 RJ Barrett
100%
Assists 832 RJ Barrett
100%
Steals 194 RJ Barrett
100%
Points 3232 Carmelo Anthony
80%
Rebounds 994 Carmelo Anthony
80%
Assists 512 Carmelo Anthony
80%
Points 3272 Immanuel Quickley
80%
Assists 755 Immanuel Quickley
80%
Steals 180 Immanuel Quickley
80%
Rebounds 1162 Isaiah Hartenstein
80%
Blocks 149 Isaiah Hartenstein
80%
Points 2068 Josh Hart
80%
Rebounds 1588 Josh Hart
80%
Assists 874 Josh Hart
80%
Steals 228 Josh Hart
80%
Points 3312 Kristaps Porzingis
80%
Rebounds 1317 Kristaps Porzingis
80%
Blocks 378 Kristaps Porzingis
80%
Steals 150 OG Anunoby
80%
Blocks 88 OG Anunoby
80%
Points 2138 Derrick Rose
60%
Assists 578 Derrick Rose
60%
Rebounds 920 Karl-Anthony Towns
60%
Assists 414 Miles McBride
60%
Steals 168 Miles McBride
60%
Points 1876 Tim Hardaway Jr.
60%
Assists 526 Elfrid Payton
40%
Blocks 172 Nerlens Noel
40%
Blocks 98 Precious Achiuwa
40%
Steals 169 Courtney Lee
20%
Blocks 125 Taj Gibson
20%
Rebounds 1241 Enes Freedom
0%
Assists 562 Frank Ntilikina
0%
Steals 167 Frank Ntilikina
0%
Rebounds 1159 Kyle O’Quinn
0%
Blocks 251 Kyle O’Quinn
0%
Blocks 129 Robin Lopez
0%
No matching quizzes found
Score Distribution
Percent of People with Each Score
Percentile by Number Answered
Your Score History
You have not taken this quiz since the last reset